A tale of criminal destruction (Record no. 522900)
[ view plain ]
| 000 -LEADER | |
|---|---|
| fixed length control field | 00356nam a22001337a 4500 |
| 008 - FIXED-LENGTH DATA ELEMENTS--GENERAL INFORMATION | |
| fixed length control field | 230612b ||||| |||| 00| 0 eng d |
| 100 ## - MAIN ENTRY--PERSONAL NAME | |
| Personal name | Momin, Sajeda |
| 245 ## - TITLE STATEMENT | |
| Title | A tale of criminal destruction |
| 260 ## - PUBLICATION, DISTRIBUTION, ETC. (IMPRINT) | |
| Place of publication, distribution, etc | Social Scientist |
| 300 ## - PHYSICAL DESCRIPTION | |
| Extent | 51(1-2), Jan-Feb, 2023: p.39-46 |
| 773 ## - HOST ITEM ENTRY | |
| Main entry heading | Social Scientist |
| 906 ## - LOCAL DATA ELEMENT F, LDF (RLIN) | |
| Subject DIP | CRIMES |
| 942 ## - ADDED ENTRY ELEMENTS (KOHA) | |
| Item type | Articles |
| Withdrawn status | Lost status | Source of classification or shelving scheme | Damaged status | Not for loan | Permanent location | Current location | Date acquired | Serial Enumeration / chronology | Barcode | Date last seen | Koha item type |
|---|---|---|---|---|---|---|---|---|---|---|---|
| Indian Institute of Public Administration | Indian Institute of Public Administration | 2023-06-12 | 51(1-2), Jan-Feb, 2023: p.39-46 | AR128949 | 2023-06-12 | Articles |
